Đổi mới, mở cửa Việt Nam và Trung Quốc - một cái nhìn so sánh dưới góc độc kinh tế /

Guardado en:
Detalles Bibliográficos
Autor principal: Đinh Tiến Hiếu.
Formato: Artículo
Lenguaje:Vietnamese
Materias:
Etiquetas: Agregar Etiqueta
Sin Etiquetas, Sea el primero en etiquetar este registro!
Thư viện lưu trữ: Thư viện Trường Đại học Đà Lạt
LEADER 00830nam a2200277 4500
001 DLU180185905
005 ##20180718
040 # # |a DLU  |b vie 
041 # # |a vie 
044 # # |a vn 
100 # # |a Đinh Tiến Hiếu. 
245 # # |a Đổi mới, mở cửa Việt Nam và Trung Quốc - một cái nhìn so sánh dưới góc độc kinh tế /  |c Đinh Tiến Hiếu. 
653 # # |a Cải cách 
653 # # |a Kinh tế 
653 # # |a Trung Quốc 
653 # # |a Việt Nam  
773 # # |t Nghiên cứu Đông Bắc Á  |g Số 5(195), 2017, tr. 14-23 
920 # # |a Phòng Tạp chí -- Trung tâm Thông tin - Thư viện Trường Đại học Đà Lạt 
994 # # |a DLU 
900 # # |a True 
911 # # |a Hoàng Thị Huyền 
925 # # |a G 
926 # # |a A 
927 # # |a BB 
980 # # |a Thư viện Trường Đại học Đà Lạt